Card, Cross, and Jones criminal law / (Record no. 541235)

000 -LEADER
fixed length control field 01422cam a2200301 a 4500
020 ## - INTERNATIONAL STANDARD BOOK NUMBER
International Standard Book Number 9780198753094
082 00 - DEWEY DECIMAL CLASSIFICATION NUMBER
Classification number 345
100 1# - MAIN ENTRY--PERSONAL NAME
Personal name Card, Richard.
245 10 - TITLE STATEMENT
Title Card, Cross, and Jones criminal law /
Statement of responsibility, etc. Richard Card.
250 ## - EDITION STATEMENT
Edition statement 22nd ed.
260 ## - PUBLICATION, DISTRIBUTION, ETC.
Place of publication, distribution, etc. New York :
Name of publisher, distributor, etc. Oxford University Press,
Date of publication, distribution, etc. 2016
300 ## - PHYSICAL DESCRIPTION
Extent lxx, 831p. :
Other physical details ill. ;
Dimensions 25 cm.
650 #0 - SUBJECT ADDED ENTRY--TOPICAL TERM
Topical term or geographic name entry element Criminal law
650 #0 - SUBJECT ADDED ENTRY--TOPICAL TERM
Topical term or geographic name entry element NLS2024, NLSETEXTBOOKS, NLSEBOOKBANK
700 1# - ADDED ENTRY--PERSONAL NAME
Personal name Cross, Rupert,
Dates associated with a name 1912-1980.
700 1# - ADDED ENTRY--PERSONAL NAME
Personal name Jones, Philip Asterley.
856 ## - Uniform Resource Identifier
Uniform Resource Identifier <a href="http://10.250.8.41:8080/xmlui/handle/123456789/47854">http://10.250.8.41:8080/xmlui/handle/123456789/47854</a>
942 ## - ADDED ENTRY ELEMENTS (KOHA)
Source of classification or shelving scheme
Koha item type Book
650 #0 - SUBJECT ADDED ENTRY--TOPICAL TERM
-- 126870
650 #0 - SUBJECT ADDED ENTRY--TOPICAL TERM
-- 108302
700 1# - ADDED ENTRY--PERSONAL NAME
-- 35606
700 1# - ADDED ENTRY--PERSONAL NAME
-- 35607
Holdings
Withdrawn status Lost status Source of classification or shelving scheme Damaged status Not for loan Permanent Location Current Location Date acquired Total Checkouts Total Renewals Full call number Barcode Date last seen Date last checked out Price effective from Koha item type
          NUST Law School (NLS) NUST Law School (NLS) 01/13/2021 2 1 345 CAR CL-491 10/24/2024 08/09/2023 01/13/2021 Book
© 2023 Central Library, National University of Sciences and Technology. All Rights Reserved.